Hệ thống thông tin kế toán Tập 1
Gardado en:
| Autor Principal: | |
|---|---|
| Formato: | Libro |
| Publicado: |
Tp Hồ Chí Minh
Phương Đông
2012
|
| Những chủ đề: | |
| Các nhãn: |
Engadir etiqueta
Sen Etiquetas, Sexa o primeiro en etiquetar este rexistro!
|
| Thư viện lưu trữ: | Trung tâm Học liệu Lê Vũ Hùng, Trường Đại học Đồng Tháp |
|---|
| LEADER | 00712pam a22002058a 4500 | ||
|---|---|---|---|
| 001 | 00039129 | ||
| 005 | 20171109081128.0 | ||
| 008 | 170517s2012 ||||||Viesd | ||
| 041 | 0 | # | |a Vie |
| 082 | 1 | 4 | |a 657 |b H250TH |
| 100 | 1 | # | |a Thái Phúc Huy |
| 245 | 1 | 0 | |a Hệ thống thông tin kế toán |c Thái Phúc Huy...[và các tác giả khác] |n Tập 1 |
| 260 | # | # | |a Tp Hồ Chí Minh |b Phương Đông |c 2012 |
| 300 | # | # | |a 257 tr. |c 24 cm |
| 653 | # | # | |a Hệ thống |
| 653 | # | # | |a thông tin kế toán |
| 852 | # | # | |b Kho đọc |j KD.1001451 |
| 852 | # | # | |j KM.0022724 |j KD.0021586 |
| 910 | |d 17/05/2017 | ||
| 980 | # | # | |a Trung tâm Học liệu Lê Vũ Hùng, Trường Đại học Đồng Tháp |